Understanding human communication/ (Record no. 4275)

MARC details
000 -LEADER
fixed length control field 00594nam a22002057a 4500
003 - CONTROL NUMBER IDENTIFIER
control field OSt
005 - DATE AND TIME OF LATEST TRANSACTION
control field 20250826070052.0
008 - FIXED-LENGTH DATA ELEMENTS--GENERAL INFORMATION
fixed length control field 250826b |||||||| |||| 00| 0 eng d
020 ## - INTERNATIONAL STANDARD BOOK NUMBER
International Standard Book Number 0-19-530487-X
040 ## - CATALOGING SOURCE
Original cataloging agency DWCL-Main lib
Transcribing agency OC
082 ## - DEWEY DECIMAL CLASSIFICATION NUMBER
Edition number 9th ed.
Classification number Circ. 302.2 Ad237 2006
100 ## - MAIN ENTRY--PERSONAL NAME
Personal name George Rodman
245 ## - TITLE STATEMENT
Title Understanding human communication/
Statement of responsibility, etc. George Rodman
260 ## - PUBLICATION, DISTRIBUTION, ETC.
Place of publication, distribution, etc. New York :
Name of publisher, distributor, etc. Oxford University Press,
Date of publication, distribution, etc. c2006
300 ## - PHYSICAL DESCRIPTION
Extent 140 p.
Dimensions 25 cm.
500 ## - GENERAL NOTE
General note Includes index
650 ## - SUBJECT ADDED ENTRY--TOPICAL TERM
Topical term or geographic name entry element Communication
700 ## - ADDED ENTRY--PERSONAL NAME
Personal name Ronald B. Adler
942 ## - ADDED ENTRY ELEMENTS (KOHA)
Source of classification or shelving scheme Dewey Decimal Classification
Koha item type Book Circulation
Edition 9th ed.
Call number prefix Circ.
Suppress in OPAC No

No items available.